000 00482nam a2200181Ia 4500
001 14921
005 20260306164950.0
008 260306t2017||||xx |||||||||||||| ||spa||
041 _aESP
082 _a519.5
_bM58D
100 _aMillones, Rosa
_eAUT
245 0 _aEstadística descriptiva y probabilidades:
_baplicaciones en la ingeniería y los negocios
260 _c2017
300 _a318 páginas :
_c27 cm.
650 _aGEN
654 _aCMA
942 _cLIB
_dJUS
_fJUS
_2ddc
_n
999 _c14921
_d14921